KOHA-Header-6

Problem Solving with C + + the object of programming (Record no. 7978)

000 -LEADER
fixed length control field 00291nam a2200109Ia 4500
100 ## - MAIN ENTRY--AUTHOR NAME
Personal name Walter Savitch
245 #0 - TITLE STATEMENT
Title Problem Solving with C + + the object of programming
260 ## - PUBLICATION, DISTRIBUTION, ETC. (IMPRINT)
Place of publication New York
Name of publisher Addision
Year of publication 1987
300 ## - PHYSICAL DESCRIPTION
Number of Pages 363
942 ## - ADDED ENTRY ELEMENTS (KOHA)
Koha item type Books
Holdings
Withdrawn status Lost status Collection code Permanent Location Current Location Shelving location Date acquired Full call number Accession Number Koha item type
    Computer Languages MAJU MAJU Shelf No.A18 2019-09-13 510 2289 Computer Languages

Powered by Koha